000 00277nam a22001337a 4500
008 180316b xxu||||| |||| 00| 0 eng d
020 _a0028709004
041 _aeng
080 _a78
100 _a45
101 _aMUZ
245 _aSound pleasure
_cIvey.D
942 _2udc
_cBK
999 _c45260
_d45260